Foot soldier of the constitution / (Record no. 145476)
[ view plain ]
| 000 -LEADER | |
|---|---|
| fixed length control field | 00794nam a22002057a 4500 |
| 005 - DATE AND TIME OF LATEST TRANSACTION | |
| control field | 20180122112831.0 |
| 010 ## - LCCN (DPL NO) | |
| LC control number | 1718EN-30 |
| 020 ## - INTERNATIONAL STANDARD BOOK NUMBER | |
| International Standard Book Number | 9789380118437 |
| Terms of availability | 295.00 |
| 035 ## - SYSTEM CONTROL NUMBER | |
| System control number | B-685979-980 |
| 037 ## - SOURCE OF ACQUISITION | |
| Source of stock number/acquisition | ABC |
| Stock number | dpl |
| 082 ## - DEWEY DECIMAL CLASSIFICATION NUMBER | |
| Classification number | 070.92 |
| 100 ## - MAIN ENTRY--PERSONAL NAME | |
| Personal name | Setalvad, Teesta |
| 245 ## - TITLE STATEMENT | |
| Title | Foot soldier of the constitution / |
| Statement of responsibility, etc | by Teesta Setalvad |
| Remainder of title | a memoir / |
| 260 ## - PUBLICATION, DISTRIBUTION, ETC. (IMPRINT) | |
| Place of publication, distribution, etc | New Delhi |
| Name of publisher, distributor, etc | Left Word Books |
| Date of publication, distribution, etc | 2017 |
| 270 ## - ADDRESS | |
| Address | 2254/2A, Sadi Khampur, New Ranjit Nagar, |
| City | New Delhi |
| Postal code | 110008 |
| 300 v# - PHYSICAL DESCRIPTION | |
| Extent | 221p. |
| Dimensions | 21cm(pbk) |
| 500 ## - GENERAL NOTE | |
| General note | Includes bibliographical references and index |
| 942 ## - ADDED ENTRY ELEMENTS (KOHA) | |
| Source of classification or shelving scheme | Dewey Decimal Classification |
| Item type | English Books |
| Call number suffix | SET |
| Classification part | 070.92 |
| Withdrawn status | Lost status | Not for loan | Collection code | Home library | Current library | Date acquired | Source of acquisition | Cost, normal purchase price | Full call number | Barcode | Copy number | Cost, replacement price | Koha item type |
|---|---|---|---|---|---|---|---|---|---|---|---|---|---|
| Non-fiction | Ashok Vihar | Ashok Vihar | 22/01/2018 | ABC/5278/5.12.17/BPPD/EN/2017-18/636/20.11.17/6.1.2018 | 295.00 | 070.92 SET | B-685980 | 1 | 295.00 | English Books | |||
| Non-fiction | Central Library | Central Library | 22/01/2018 | ABC/5278/5.12.17/BPPD/EN/2017-18/636/20.11.17/6.1.2018 | 295.00 | 070.92 SET | B-685979 | 1 | 295.00 | English Books |
